New approach to better design of selected road safety measres / (Record no. 2226)

000 -LEADER
fixed length control field 00303 a2200097 4500
082 ## - DEWEY DECIMAL CLASSIFICATION NUMBER
Classification number 363.125 HEI
100 ## - MAIN ENTRY--PERSONAL NAME
Personal name Heinrich, Jaroslav
245 ## - TITLE STATEMENT
Title New approach to better design of selected road safety measres /
Statement of responsibility, etc. Jaroslav Heinrich, Eva Simonova
260 ## - PUBLICATION, DISTRIBUTION, ETC.
Name of publisher, distributor, etc. Transport Research Centre,
300 ## - PHYSICAL DESCRIPTION
Other physical details ill. ;
Dimensions 30 cm
650 ## - SUBJECT ADDED ENTRY--TOPICAL TERM
Topical term or geographic name entry element Road Safety
Holdings
Withdrawn status Lost status Damaged status Not for loan Permanent Location Current Location Shelving location Date acquired Total Checkouts Full call number Barcode Date last seen Price effective from Koha item type
        School of Civil and Environmental Engineering (SCEE) School of Civil and Environmental Engineering (SCEE)       363.125 HEI NIT-1993 11/29/2023 01/05/2017 Book
© 2023 Central Library, National University of Sciences and Technology. All Rights Reserved.